| 000 | 01394cam a22003857a 4500 | ||
|---|---|---|---|
| 003 | CHAP | ||
| 005 | 20220329142410.0 | ||
| 008 | 001121d1996 mx r 00110 esp d | ||
| 010 | _a82894 | ||
| 011 | _a83866 | ||
| 020 | _a9701011945 | ||
| 035 | _a94385 | ||
| 040 | _cCHAP | ||
| 082 | 0 | 4 |
_a658.5 _bH63Y |
| 100 | 0 | 0 |
_aHodson, William K. _e, ed. _955762 |
| 245 | 1 | 0 |
_aMaynard manual del ingeniero industrial _c/ed. por Hodson William K. |
| 260 |
_aMéxico, D. F. : _bMcGraw-Hill, _c2000. |
||
| 300 |
_a2 v. : _bilus. ; gráfs. ; cuadros |
||
| 500 | _aTrad. de : Maynard's industrial engineering hadbook, 4 ed. 1992. | ||
| 590 |
_aBATCH-UPD _b10 _c20130110 _lUCH01 _h0654 |
||
| 590 |
_aBATCH-UPD _b10 _c20130110 _lUCH01 _h2320 |
||
| 590 |
_aBATCH-UPD _b10 _c20130410 _lUCH01 _h0339 |
||
| 590 |
_aBATCH-UPD _b10 _c20130914 _lUCH01 _h1618 |
||
| 590 |
_aCONVERSION _b10 _c20130109 _lUCH01 _h1346 |
||
| 650 | 1 | 4 |
_aEficiencia industrial. _935746 |
| 650 | 1 | 4 |
_aIndustrias manufactureras. _958008 |
| 650 | 1 | 4 |
_aIngeniería industrial. _958257 |
| 650 | 1 | 4 |
_aProductividad. _991868 |
| 650 | 1 | 4 |
_aTrabajo _xMétodos de. _9114482 |
| 901 | _aBK | ||
| 905 | _aPatricia Mendoza P. | ||
| 942 | _cLIBRO | ||
| 949 |
_a658.5 H63Y _bBC _cLIBRO _d33724000812368 _eLIBRO _fv.2 _g208382 _h98965 _i94385 _si _t$2600.00 x 2 |
||
| 949 |
_a658.5 H63Y _bBC _cLIBRO _d33724000812426 _eLIBRO _fv.1 _g208382 _h98964 _i94385 _si _t$2600.00 x 2 |
||
| 999 |
_c82894 _d82894 |
||